Barriers and drivers to eco-innovation:comparative analysis of Germany, Poland and Ukraine

Tri hlavné skupiny bariér: externé, interné a medzinárodné faktory. Na Ukrajine je jednou z najväčších bariér korupcia verejných činiteľov. Ukrajina má najnižšiu efektivityu v eko-inovácii v porovnaní s Nemeckom a Poľskom, ale napriek rozdielom sú Poľsko a členské štáty na tom zhruba rovnako. Najdôl...

ver descrição completa

Na minha lista:
Detalhes bibliográficos
Autor principal: Hrabynskyi, Ihor
Outros Autores: Horin, Nataiya, Ukrayinets, Liliya
Formato: Capítulo de Livro
Idioma:inglês
Assuntos:
Tags: Adicionar Tag
Sem tags, seja o primeiro a adicionar uma tag!

MARC

LEADER 00000nla a2200000 4500
001 0238862
005 20240417075130.7
041 0 |a eng 
044 |a SK 
245 1 0 |a Barriers and drivers to eco-innovation:comparative analysis of Germany, Poland and Ukraine  |c Ihor Hrabynskyi, Nataiya Horin, Liliya Ukrayinets 
520 |a Tri hlavné skupiny bariér: externé, interné a medzinárodné faktory. Na Ukrajine je jednou z najväčších bariér korupcia verejných činiteľov. Ukrajina má najnižšiu efektivityu v eko-inovácii v porovnaní s Nemeckom a Poľskom, ale napriek rozdielom sú Poľsko a členské štáty na tom zhruba rovnako. Najdôležitejším stimulom eko-inovácie na Ukrajine sú existujúce regulácie a dane, zlepšenie reputácie spoločností na trhu a redukcia operačných nákladov na energiu, vodu a materiály. 
610 2 0 |a prostredie životné 
610 2 0 |a inovácie environmentálne 
610 2 0 |a bariéry inovačné 
610 2 0 |a stimuly 
610 2 0 |a analýza komparatívna 
610 2 0 |a Ukrajina 
610 2 0 |a Poľsko 
610 2 0 |a Nemecko 
100 1 |a Hrabynskyi, Ihor 
700 1 |a Horin, Nataiya 
700 1 |a Ukrayinets, Liliya